| 000 | 00789nam a2200205 i 4500 | ||
|---|---|---|---|
| 001 | 189843 | ||
| 003 | ES-MaACL | ||
| 005 | 20250716090846.0 | ||
| 008 | 191205s1967 sp |||| | spa d | ||
| 111 | 0 |
_aConcilio Vaticano ( _n2º. _d1962-1965) _9122 |
|
| 245 | 1 | 0 |
_aDecreto sobre el apostolado de los laicos _b: texto del decreto notas y comentarios / _cpor un equipo de laicos y de sacerdotes ; [versión por J.A. Colinas Aguirrebengoa]. |
| 260 |
_aBilbao : _bMensajero, _c1967. |
||
| 300 |
_a221 p. ; _c19 cm. |
||
| 490 | 1 |
_aColección "Vivir el Concilio" ; _v4 |
|
| 650 | 0 | 4 |
_aApostolado seglar _99923 |
| 700 | 1 |
_aColinas Aguirrebengoa, Juan Antonio. _9169040 |
|
| 830 | 0 |
_aColección "Vivir el Concilio" ; _v4 _9193434 |
|
| 852 |
_aES-MaACL _jP-1111-2 |
||
| 999 |
_c189843 _d189843 |
||